000 00592nam a2200169Ia 4500
003 GCL
008 140319s9999 xx 000 0 ara d
040 _aGCL /
_cGCL
082 0 4 _a813.01
_bف ق
100 1 _aفاروق خورشيد
245 1 0 _aالقرصان والتنين: مجموعة قصصية (هدية من الاديب عبدالفتاح الجمل) /
_cفاروق خورشيد
300 _a131 ص
490 _aالهيئة العامة للاستعلامات
_v0
650 0 4 _aالادب العربى
650 0 4 _aالقصص العربية القصيرة
942 _2ddc
_cBK
999 _c46950
_d46950